000 00263nam a2200121Ia 4500
008 190216s9999||||xx |||||||||||||| ||und||
100 _aPearl S Buck
245 0 _aLetter From Peking
260 _bBi Pub
_c1957
300 _a188p
650 _aNovel
942 _cBK
999 _c13532
_d13532